Catalog

Record Details

Catalog Search



The billion dollar spy : a true story of Cold War ... Read More

Available copies

  • 2 of 2 copies available at LARL/NWRL Consortium.
  • 1 of 1 copy available at Lake Agassiz Regional Library. (Show preferred library)

Current holds

0 current holds with 2 total copies.

Show Only Available Copies
Location Call Number / Copy Notes Barcode Shelving Location Status Due Date
Detroit Lakes Public Library 921 TOL (Text) 33500012105359 Main Available -
Hallock Public Library 921 TOL (Text) 35500005666324 Main Available -

Record details

  • ISBN: 9780385537605 (alkaline paper)
  • ISBN: 0385537603 (alkaline paper)
  • Physical Description: pages cm
  • Edition: First edition.
  • Publisher: New York : Doubleday, 2015.

Content descriptions

Bibliography, etc. Note:
Includes bibliographical references and index.
Formatted Contents Note:
Map -- Prologue -- Out of the Wilderness -- Moscow ... Read More
Summary, etc.:
"While getting into his car on the evening of ... Read More
Subject: Tolkachev, Adolf, 1927-1986.
Spies > United States > Biography.
Spies > Russia (Federation) > Moscow > Biography.
Engineers > Soviet Union > Biography.
Aeronautics > Research > Soviet Union > History.
Espionage, American > Soviet Union > History.
United States. Central Intelligence Agency > History > 20th century.
Cold War.
United States > Foreign relations > Soviet Union.
Soviet Union > Foreign relations > United States.
Genre: Biographies.
LDR 04356cam a22005178i 4500
001184402
003LARL_NWRL_CONSORTIUM
00520150625095954.0
008150406s2015 nyu b 001 0beng
010 . ‡a2015003370
020 . ‡a9780385537605 (alkaline paper)
020 . ‡a0385537603 (alkaline paper)
035 . ‡a(OCoLC)906798006
040 . ‡aDLC ‡beng ‡erda ‡cDLC ‡dOCLCO ‡dGK8 ‡dOCLCO
042 . ‡apcc
043 . ‡an-us--- ‡ae-ur--- ‡ae-ru---
05000. ‡aE840.8.T65 ‡bH63 2015
08200. ‡a327.12092 ‡aB ‡223
1001 . ‡aHoffman, David E. ‡q(David Emanuel)
24514. ‡aThe billion dollar spy : ‡ba true story of Cold War espionage and betrayal / ‡cDavid E. Hoffman.
250 . ‡aFirst edition.
264 1. ‡aNew York : ‡bDoubleday, ‡c2015.
300 . ‡apages cm
336 . ‡atext ‡btxt ‡2rdacontent
337 . ‡aunmediated ‡bn ‡2rdamedia
338 . ‡avolume ‡bnc ‡2rdacarrier
5202 . ‡a"While getting into his car on the evening of February 16, 1978, the chief of the CIA's Moscow station was handed an envelope by an unknown Russian. Its contents stunned the Americans: details of top-secret Soviet research and development in military technology that was totally unknown to the United States. From 1979 to 1985, Adolf Tolkachev, an engineer at a military research center, cracked open the secret Soviet military research establishment, using his access to hand over tens of thousands of pages of material about the latest advances in aviation technology, alerting the Americans to possible developments years in the future. He was one of the most productive and valuable spies ever to work for the United States in the four decades of global confrontation with the Soviet Union. Tolkachev took enormous personal risks, but so did his CIA handlers. Moscow station was a dangerous posting to the KGB's backyard. The CIA had long struggled to recruit and run agents in Moscow, and Tolkachev became a singular breakthrough. With hidden cameras and secret codes, and in face-to-face meetings with CIA case officers in parks and on street corners, Tolkachev and the CIA worked to elude the feared KGB. Drawing on previously secret documents obtained from the CIA, as well as interviews with participants, Hoffman reveals how the depredations of the Soviet state motivated one man to master the craft of spying against his own nation until he was betrayed to the KGB by a disgruntled former CIA trainee. No one has ever told this story before in such detail, and Hoffman's deep knowledge of spycraft, the Cold War, and military technology makes him uniquely qualified to bring readers this real-life espionage thriller"--Provided by publisher.
504 . ‡aIncludes bibliographical references and index.
5050 . ‡aMap -- Prologue -- Out of the Wilderness -- Moscow Station -- A Man Called Sphere -- "Finally I have reached you" -- "A dissident at heart" -- Six Figures -- Spy Camera -- Windfalls and Hazards -- The Billion Dollar Spy -- Flight of Utopia -- Going Black -- Devices and Desires -- Tormented by the Past -- "Everything is dangerous" -- Not Caught Alive -- Seeds of Betrayal -- Vanquish -- Selling Out -- Without Warning -- On the Run -- "For freedom" -- Epilogue -- A Note on the Intelligence.
60010. ‡aTolkachev, Adolf, ‡d1927-1986.
650 0. ‡aSpies ‡zUnited States ‡vBiography. ‡0(LARL_NWRL_CONSORTIUM)167492
650 0. ‡aSpies ‡zRussia (Federation) ‡zMoscow ‡vBiography.
650 0. ‡aEngineers ‡zSoviet Union ‡vBiography.
650 0. ‡aAeronautics ‡xResearch ‡zSoviet Union ‡xHistory.
650 0. ‡aEspionage, American ‡zSoviet Union ‡xHistory.
61010. ‡aUnited States. ‡bCentral Intelligence Agency ‡xHistory ‡y20th century.
650 0. ‡aCold War. ‡0(LARL_NWRL_CONSORTIUM)36741
651 0. ‡aUnited States ‡xForeign relations ‡zSoviet Union. ‡0(LARL_NWRL_CONSORTIUM)33354
651 0. ‡aSoviet Union ‡xForeign relations ‡zUnited States. ‡0(LARL_NWRL_CONSORTIUM)31560
655 7. ‡aBiographies. ‡2lcgft
901 . ‡a184402 ‡bOCLC ‡c184402 ‡tbiblio

Additional Resources